| 000 | 00649nam a2200181Ia 4500 | ||
|---|---|---|---|
| 008 | 100917s9999 xx 000 0 und d | ||
| 082 | _b24342 | ||
| 100 | _aखुपरेकर बाळकृष्ण माधव | ||
| 245 | _aश्री शैवागम आणि ज्ञानेश्वर | ||
| 260 |
_bपिले कृ. ना. _c1960 |
||
| 300 | _a122 | ||
| 365 | _b2 | ||
| 520 | _aनिबंध | ||
| 630 | _aश्री शैवागम आणि ज्ञानेश्वर | ||
| 650 | _aनिबंध | ||
| 730 | _aश्री शैवागम आणि ज्ञानेश्वर | ||
| 942 | _cBOOK | ||
| 999 |
_c629736 _d629733 |
||